Migration and economic growth in the United States national, regional and metropolitan perspectives

Salvato in:
Dettagli Bibliografici
Autore principale: Greenwood, Michael J.
Natura: Libro
Lingua:inglese
Pubblicazione: New York Academia Press 1981
Serie:Studies in urban economics
Tags: Aggiungi Tag
Nessun Tag, puoi essere il primo ad aggiungerne!!

MARC

LEADER 00000nam a2200000 4500
001 c129065
005 20041019155245.3
041 0 |a eng 
044 |a US 
245 1 0 |a Migration and economic growth in the United States  |b national, regional and metropolitan perspectives  |c Michael J. Greenwood 
264 1 |a New York  |b Academia Press  |c 1981 
300 |a 233 s. 
490 1 |a Studies in urban economics 
830 0 |a Studies in urban economics 
100 1 |a Greenwood, Michael J.